Slating and roof tiling (Record no. 99767)

MARC details
000 -LEADER
fixed length control field 00736cam a22002055a 4500
001 - CONTROL NUMBER
control field ##J100709
008 - FIXED-LENGTH DATA ELEMENTS--GENERAL INFORMATION
fixed length control field 000000s1909 000 0 eng u
035 ## - SYSTEM CONTROL NUMBER
System control number (Sirsi) u100709
041 0# - LANGUAGE CODE
Language code of text/sound track or separate title eng
050 04 - LIBRARY OF CONGRESS CALL NUMBER
Classification number 695.2 $2 18
110 2# - MAIN ENTRY--CORPORATE NAME
Corporate name or jurisdiction name as entry element Quantity Surveyors' Association
9 (RLIN) 3787
245 00 - TITLE STATEMENT
Title Slating and roof tiling
260 ## - PUBLICATION, DISTRIBUTION, ETC.
Place of publication, distribution, etc. London
Name of publisher, distributor, etc. Quantity Surveyors' Association
Date of publication, distribution, etc. 1909
300 ## - PHYSICAL DESCRIPTION
Extent 6p.
Dimensions 21cm.
490 #0 - SERIES STATEMENT
Series statement Uniformity of custom
Volume/sequential designation 1
520 ## - SUMMARY, ETC.
Summary, etc. Describes the standard system of measurement of slating and roof tiling as agreed by the Council of the Quantity Surveyors' Association.
651 #4 - SUBJECT ADDED ENTRY--GEOGRAPHIC NAME
Geographic name Great Britain
Chronological subdivision 1707-
690 ## - LOCAL SUBJECT ADDED ENTRY--TOPICAL TERM (OCLC, RLIN)
Topical term or geographic name as entry element BUILT ENVIRONMENT-BUILDING MAINTENANCE AND REFURBISHMENT-BUILDING CONSERVATION
942 ## - ADDED ENTRY ELEMENTS (KOHA)
Suppress in OPAC 0
Holdings
Withdrawn status Lost status Source of classification or shelving scheme Damaged status Not for loan Home library Current library Shelving location Date acquired Total Checkouts Full call number Barcode Date last seen Copy number Price effective from Koha item type
    Dewey Decimal Classification     Historic collection Historic collection RICS Boxes 21/10/1999   RICS 1909/1 30059606 06/08/2019 1 06/08/2019 Archive